| 000 | 01644nam a22002417a 4500 | ||
|---|---|---|---|
| 999 |
_c3759 _d3759 |
||
| 003 | DO-SdBJH | ||
| 005 | 20191030223017.0 | ||
| 008 | 180529b ||||| |||| 00| 0 spa d | ||
| 040 |
_aDO-SdBJH _bspa _cDO-SdBJH |
||
| 090 |
_aTG EGAEE _b01070 2016 |
||
| 100 | 1 |
_aMontás Peláez, Newton Davinsy _esustentante |
|
| 245 | 1 | 0 |
_aAnálisis de la evolución histórica de la integridad del estado-nación dominicano desde la perspectiva de la Defensa, 1844-2013 _cNewton Davinsy Montás Peláez, asesores Belkis Tejada, Francisco Acosta Pérez |
| 300 | _axxviii, 150 paginas, ilustraciones-mapas-tablas-cuadros-gráficos | ||
| 502 | _aTesis (Maestría en Defensa y Seguridad Nacional) -- Instituto Superior para la Defensa (INSUDE). -- Escuela de Graduados de Altos Estudios Estratégico, 2016. | ||
| 504 | _aIncluye referencias bibliográficas e índices | ||
| 505 | _aEvolución, desarrollo y proteccion de la integridad del estado-nación. -- Marco legal rector de la integridad y Defensa de estado-nación dominicano desde 1844-2013. -- Las fuerzas armadas: Rol histórico en preservación de la integridad nacional 1844-1965. -- Las Fuerzas Armadas en la actualidad: Estructura organizativa y legal: sus implicaciones en la garantía de la integridad del estado-nacional dominicano | ||
| 650 | 4 | _aEvolución histórica -- Fuerzas Armadas -- Integridad dominicana | |
| 651 | 4 | _aRepública Dominicana -- Estado-nación | |
| 700 | 1 |
_aTejada, Belkis _easesor |
|
| 700 | 1 |
_aAcosta Pérez, Francisco _easesor |
|
| 830 | _aINSUDE. Escuela de Graduados de Altos Estudios Estratégico. Tesis y disertaciones académicas | ||
| 942 |
_2ddc _cT |
||